Reconnecting the love energy / (Record no. 38842)

MARC details
000 -LEADER
fixed length control field 00811nam a22002177a 4500
005 - DATE AND TIME OF LATEST TRANSACTION
control field 20100803102752.0
010 ## - LCCN (DPL NO)
LC control number ENG-97680
020 ## - INTERNATIONAL STANDARD BOOK NUMBER
International Standard Book Number 9788172087029
Terms of availability 55.00
035 ## - SYSTEM CONTROL NUMBER
System control number EN-81213
037 ## - SOURCE OF ACQUISITION
Source of stock number/acquisition DBAD/PUB
082 ## - DEWEY DECIMAL CLASSIFICATION NUMBER
Classification number 230.31
100 ## - MAIN ENTRY--PERSONAL NAME
Personal name Krystal, Phyllis
245 ## - TITLE STATEMENT
Title Reconnecting the love energy /
Statement of responsibility, etc by Phyllis Krystal
260 ## - PUBLICATION, DISTRIBUTION, ETC. (IMPRINT)
Place of publication, distribution, etc Andhra Pradesh
Name of publisher, distributor, etc Sri Sathya Sai Sadhana Trust Publications Division
Date of publication, distribution, etc 2009
270 ## - ADDRESS
Address Prasanthi Nilayam
City Andhra Pradesh
Postal code 515134
300 ## - PHYSICAL DESCRIPTION
Extent xviii, 137p.
Dimensions 22cm (pbk)
650 ## - SUBJECT ADDED ENTRY--TOPICAL TERM
Topical term or geographic name as entry element Sathya Sai Baba
650 ## - SUBJECT ADDED ENTRY--TOPICAL TERM
Topical term or geographic name as entry element Spiritual Life Hinduism
942 ## - ADDED ENTRY ELEMENTS (KOHA)
Source of classification or shelving scheme Dewey Decimal Classification
Item type English Books
Classification part 230.31
Call number suffix KRY
Holdings
Withdrawn status Lost status Not for loan Collection code Home library Current library Date acquired Source of acquisition Cost, normal purchase price Full call number Barcode Copy number Cost, replacement price Koha item type
    Not For Loan Non-fiction D.B.Act.Division D.B.Act.Division 03/08/2010 DBAD/PUB 55.00 230.31 KRY EN-81213 1 55.00 English Books

© Delhi Public Library
Hit Counter
free hit counter